Iniciación general al metodo decroly y ensayo de aplicación a la escuela primaria /

Guardado en:
Autor Principal: Decroly
Otros Autores: Boon, G.
Formato: Libro
Publicado: Buenos Aires : Losada, 1968
Edición:8a. ed.
Series:La Escuela Activa
Materias:
Etiquetas: Agregar Etiqueta
Sin Etiquetas, Sea el primero en etiquetar este registro!
LEADER 00879nam a22002415a 4500
001 CEM.cems002020
005 20060215000000.0
008 130507s1968##################000#0#####d
003 CEMS
082 0 4 |a 371.3 
100 1 |a Decroly 
245 1 0 |a Iniciación general al metodo decroly y ensayo de aplicación a la escuela primaria / 
250 |a 8a. ed. 
260 |a Buenos Aires :  |b Losada,  |c 1968 
300 |a 129 p. 
490 0 |a La Escuela Activa 
505 0 |a Los procesos del aprendizaje.- El resultado del aprendizaje.- Condiciones para el aprendizaje.- Planificaci¢n de la instrucci¢n.- Transmisi¢n de la instrucci¢n.- 
653 |a Educacion 
653 |a Enseñanza-metodos 
653 |a Metodo decroly 
700 1 |a Boon, G. 
859 |a CEMS  |b BIB. CEMS - 11 de abril  |h 371.3  |i D359a8  |p 4758.76  |t Ej.1 
859 |a CEMS  |b BIB. CEMS - 11 de abril  |h 371.3  |i D359a8  |p 9757.81  |t Ej.2